Graffiti vylepšují pověst průmyslových staveb
Päťtisíc štvorcových metrov zaberá maľba inšpirovaná prírodou, ktorá ozdobila bočnú stenu CTParku Prague Airport v Kněževsi. Autorom je Michal Škampa. Iné muraly, teda graffiti povolené majiteľom nehnuteľnosti, nechala CTP Invest umelcov vytvoriť už skôr na stenách svojho humpoleckého skladu pri dia...
Salvato in:
| Natura: | Capitolo di libro |
|---|---|
| Lingua: | ceco |
| Soggetti: | |
| Tags: |
Nessun Tag, puoi essere il primo ad aggiungerne!!
|
MARC
| LEADER | 00000naa a2200000 4500 | ||
|---|---|---|---|
| 001 | 0268368 | ||
| 005 | 20200910134029.5 | ||
| 041 | 0 | |a cze | |
| 044 | |a CZ | ||
| 245 | 1 | 0 | |a Graffiti vylepšují pověst průmyslových staveb |
| 520 | |a Päťtisíc štvorcových metrov zaberá maľba inšpirovaná prírodou, ktorá ozdobila bočnú stenu CTParku Prague Airport v Kněževsi. Autorom je Michal Škampa. Iné muraly, teda graffiti povolené majiteľom nehnuteľnosti, nechala CTP Invest umelcov vytvoriť už skôr na stenách svojho humpoleckého skladu pri diaľnici D1. Ide o projekt, ktorého cieľom je pomôcť vylepšiť povesť priemyslových stavieb, proti ktorým často vystupujú rôzne miestne spolky či neziskové organizácie. | ||
| 610 | 2 | 0 | |a parky priemyselné |
| 610 | 2 | 0 | |a stavby |
| 610 | 2 | 0 | |a sklady |
| 610 | 2 | 0 | |a umenie |
| 610 | 2 | 0 | |a prostredie životné |